LEADER 01973cam0-22004691i-450- 001 990000212110403321 005 20061220162122.0 035 $a000021211 035 $aFED01000021211 035 $a(Aleph)000021211FED01 035 $a000021211 100 $a20020821g18971907km-y0itay50------ba 101 0 $ager 102 $aDE 105 $aa-------001yy 200 1 $aVorlesungen ueber theoretische Physik$fHermann von Helmoltz$gherausgegeben von Otto Krigar-Menzel und Max Laue 210 $aLeipzig$cJ. A. Barth$d1897-1907 215 $a6 v. in 7$cill.$d26 cm 307 $a1.1: X, 380 p. ; 2.: VIII, 247 p. ; 3.: X, 256 p. ; 4.: X, 407 p. ; 5.: XII, 370 p. ; 6.: XII, 419 p. 327 0 $a1.1.:Einleitung zu den Vorlesungen über theoretische Physik. Herausgegeben von Arthur König und Carl Runge$a2.: Dynamik continuirlich verbreiteter Massen / herausgegeben von Otto Krigar-Menzel. - 1902$a3.: Die mathematischen Principien der Akustik / herausgegeben von Arthur König und Carl Runge. - 1898$a4.: Elektrodynamik und Theorie des Magnetismus / herausgegeben von Otto Krigar-Menzel und Max Laue. - 1907$a5.: Elektromagnestische Theorie des Lichts / herausgegeben von Arthur König und Carl Runge. - 1897$a6.: 6: Theorie der Wärme / herausgegeben von Franz Richarz. - 1903 610 0 $aMagnetismo 610 0 $aElettrodinamica 610 0 $aLuce$aTeoria elettromagnetica 610 0 $aAcustica 610 0 $aCalore 676 $a531 676 $a535.2 676 $a534 676 $a537 676 $a536 700 1$aHelmholtz,$bHermann Ludwig Ferdinand : von 801 0$aIT$bUNINA$gRICA$2UNIMARC 901 $aBK 912 $a990000212110403321 952 $a13 AR 17 D 20$b2850$fFINBC 952 $a13 AR 17 D 21$b2865$fFINBC 952 $a13 AR 17 D 22$b2866$fFINBC 952 $a13 AR 17 D 23$b2867$fFINBC 952 $a13 AR 17 D 24$b2868$fFINBC 952 $a13 AR 17 D 25$b2869$fFINBC 959 $aFINBC 997 $aUNINA LEADER 00944nam0-2200337---450- 001 990009924520403321 005 20141211114143.0 010 $a9780123822390 035 $a000992452 035 $aFED01000992452 035 $a(Aleph)000992452FED01 035 $a000992452 100 $a20141211d2013----km-y0itay50------ba 101 0 $aeng 102 $aGB 105 $a--------001yy 200 1 $aBioconjugate techniques$fGreg T. Hermanson, 205 $aThird edition. 210 $aLondon ; Waltham, MA$cElsevier/AP$d2013 215 $aXVII, 1146 p.$cill.$d28 cm 300 $aIncludes bibliographical references (pages 1017-1094) and index. 610 0 $aBiosintesi 676 $a612 700 1$aHermanson,$bGreg T.$0511906 801 0$aIT$bUNINA$gRICA$2UNIMARC 901 $aBK 912 $a990009924520403321 952 $a14 C.023.003$fDINMP 959 $aDINMP 996 $aBioconjugate techniques$9763743 997 $aUNINA LEADER 03830nam 22008655 450 001 9910969789703321 005 20240307121605.0 010 $a9786611368746 010 $a9781281368744 010 $a1281368741 010 $a9781403980588 010 $a1403980586 024 7 $a10.1057/9781403980588 035 $a(CKB)1000000000342691 035 $a(EBL)307750 035 $a(OCoLC)560468890 035 $a(SSID)ssj0000140332 035 $a(PQKBManifestationID)11132466 035 $a(PQKBTitleCode)TC0000140332 035 $a(PQKBWorkID)10053267 035 $a(PQKB)10215658 035 $a(DE-He213)978-1-4039-8058-8 035 $a(MiAaPQ)EBC307750 035 $a(Au-PeEL)EBL307750 035 $a(CaPaEBR)ebr10135667 035 $a(CaONFJC)MIL136874 035 $a(Perlego)3496578 035 $a(EXLCZ)991000000000342691 100 $a20151130d2005 u| 0 101 0 $aeng 135 $aur|n|---||||| 181 $ctxt 182 $cc 183 $acr 200 10$aDivine Play, Sacred Laughter, and Spiritual Understanding /$fby P. Laude 205 $a1st ed. 2005. 210 1$aNew York :$cPalgrave Macmillan US :$cImprint: Palgrave Macmillan,$d2005. 215 $a1 online resource (280 p.) 300 $aDescription based upon print version of record. 311 08$a9781349531738 311 08$a1349531731 311 08$a9781403970152 311 08$a1403970157 320 $aIncludes bibliographical references (p. [263]-270) and index. 327 $aCover; Table of Contents; Acknowledgments; Introduction; 1 Ma?ya? and the Divine Treasure; 2 Ambiguity of the Demiurge; 3 Dionysus, Shiva, Osiris; 4 Divine Troublemakers; 5 Coyote and Kin; 6 Reading the Trickster's Footsteps; 7 Thundering Clowns; 8 Spiritual Laughter; 9 Fools for Christ's Sake; 10 The People of Blame; 11 Fools on a Tightrope; 12 Epilogue: Cracks of Light; Notes; Bibliography; Index 330 $aThis study in the relationship between religion and the comic focuses on the ways in which the latter fulfils a central function in the sacred understanding of reality of pre-modern cultures and the spiritual life of religious traditions. The central thesis is that figures such as tricksters, sacred clowns, and holy fools play an essential role in bridging the gap between the divine and the human by integrating the element of disequilibrium that results from the contact between incommensurable realities. This interdisciplinary and cross-cultural series of essays is devoted to spiritual, anthropological, and literary characters and phenomena that point to a deeper understanding of the various mythological, ceremonial, and mystical ways in which the fundamental ambiguity of existence is symbolized and acted out. Given its interdisciplinary and cross-cultural perspective, this volume will appeal to scholars from a variety of fields. 606 $aReligion and sociology 606 $aReligion$xPhilosophy 606 $aReligions 606 $aSpirituality 606 $aLiterature 606 $aSociology of Religion 606 $aPhilosophy of Religion 606 $aComparative Religion 606 $aSpirituality 606 $aLiterature 615 0$aReligion and sociology. 615 0$aReligion$xPhilosophy. 615 0$aReligions. 615 0$aSpirituality. 615 0$aLiterature. 615 14$aSociology of Religion. 615 24$aPhilosophy of Religion. 615 24$aComparative Religion. 615 24$aSpirituality. 615 24$aLiterature. 676 $a202/.1 700 $aLaude$b Patrick$f1958-$01793686 801 0$bMiAaPQ 801 1$bMiAaPQ 801 2$bMiAaPQ 906 $aBOOK 912 $a9910969789703321 996 $aDivine Play, Sacred Laughter, and Spiritual Understanding$94333640 997 $aUNINA